The Amazing Devil - All Songs - Statistics

General Stats
  • This quiz has been taken 20 times
  • The average score is 26 of 27
Answer Stats
Answer % Correct
Drinking Song for the Socially Anxious
100%
Elsa's Song
100%
Fair
100%
Farewell Wanderlust
100%
Inkpot Gods
100%
King
100%
Love Run (Intro)
100%
Marbles
100%
Not Yet / Love Run (Reprise)
100%
Pray
100%
Ruin
100%
Secret Worlds
100%
That Unwanted Animal
100%
The Horror and the Wild
100%
Two Minutes
100%
Welly Boots
100%
Battle Cries
90%
Blossoms
90%
Chords
90%
Little Miss Why So
90%
New York Torch Song
90%
Pruning Shears
90%
Shower Day
90%
The Calling
90%
Wild Blue Yonder
90%
The Old Witch Sleep and the Good Man Grace
80%
The Rockrose and the Thistle
80%
No matching quizzes found
Score Distribution
Percent of People with Each Score
Percentile by Number Answered
Your Score History
You have not taken this quiz